|
|
|
|
| LEADER |
01747cam a2200397 7i4500 |
| 001 |
0000001856 |
| 005 |
20230713090000.0 |
| 020 |
|
|
|a 9780194372114 (pbk.)
|
| 020 |
|
|
|a 0194372111 (pbk.)
|
| 090 |
0 |
0 |
|a P40
|b .S66 1998
|
| 100 |
1 |
|
|a Spolsky, Bernard
|
| 245 |
1 |
0 |
|a Sociolinguistics
|c Bernard Spolsky.
|
| 260 |
|
|
|a Oxford:
|b Oxford University Press,
|c 1998.
|
| 300 |
|
|
|a xiii, 128 p.;
|c 20 cm.
|
| 490 |
0 |
|
|a Oxford introductions to language study
|
| 650 |
0 |
0 |
|a Language and culture
|
| 650 |
0 |
0 |
|a Sociolinguistics
|
| 650 |
0 |
0 |
|a Multilingualism
|
| 997 |
|
|
|a Education & Social Sciences, Faculty
|b Language Education, Department
|
| 998 |
|
|
|a TESL, Diploma
|
| 999 |
|
|
|a 0000004410
|b BOK
|c OPEN SHELF
|e 1st Floor, Bestari Jaya
|
| 999 |
|
|
|a 0000004411
|b BOK
|c OPEN SHELF
|e 1st Floor, Bestari Jaya
|
| 999 |
|
|
|a 0000004412
|b BOK
|c OPEN SHELF
|e 1st Floor, Bestari Jaya
|
| 999 |
|
|
|a 0000004413
|b BOK
|c OPEN SHELF
|e 1st Floor, Bestari Jaya
|
| 999 |
|
|
|a 0000004414
|b BOK
|c OPEN SHELF
|e 1st Floor, Bestari Jaya
|
| 999 |
|
|
|a 0000012833
|b BOK
|c OPEN SHELF
|e 1st Floor, Bestari Jaya
|
| 999 |
|
|
|a 0000019471
|b BOK
|c OPEN SHELF
|e 1st Floor, Bestari Jaya
|
| 999 |
|
|
|a 0000030826
|b BOK
|c OPEN SHELF
|e 1st Floor, Bestari Jaya
|
| 999 |
|
|
|a 0000030827
|b BOK
|c OPEN SHELF
|e 1st Floor, Bestari Jaya
|
| 999 |
|
|
|a 0000030828
|b BOK
|c OPEN SHELF
|e 1st Floor, Bestari Jaya
|
| 999 |
|
|
|a 0000031534
|b BOK
|c OPEN SHELF
|e 1st Floor, Bestari Jaya
|
| 999 |
|
|
|a 0000031535
|b BOK
|c OPEN SHELF
|e 1st Floor, Bestari Jaya
|
| 999 |
|
|
|a 0000040959
|b BOK
|c OPEN SHELF
|e 1st Floor, Bestari Jaya
|
| 999 |
|
|
|a 0000040960
|b BOK
|c OPEN SHELF
|e 1st Floor, Bestari Jaya
|
| 999 |
|
|
|a 0000040961
|b BOK
|c OPEN SHELF
|e 1st Floor, Bestari Jaya
|
| 999 |
|
|
|a 0000040962
|b BOK
|c OPEN SHELF
|e 1st Floor, Bestari Jaya
|